[Event "GER-ch46 V04 email"]
[Site "GER email"]
[Date "2014.04.03"]
[Round "?"]
[White "Hanel, Roland"]
[Black "Hirmer, Matthias"]
[Result "1-0"]
[WhiteElo "2189"]
[BlackElo "2068"]
[PlyCount "71"]
[EventDate "2014.04.16"]
[EventType "tourn (corr)"]
[EventRounds "8"]
[EventCountry "GER"]
[SourceTitle "Corr 2020"]
[Source "ChessBase"]
[SourceDate "2019.09.30"]
[SourceVersion "1"]
[SourceVersionDate "2019.09.30"]
[SourceQuality "1"]

1. d4 Nf6 2. c4 g6 3. Nc3 Bg7 4. e4 d6 5. Nf3 Nbd7 6. Be2 0-0 7. 0-0 e5 8. Be3 c6 9. d5 c5 10. Ne1 Ne8 11. f3 f5 12. exf5 gxf5 13. Rb1 Qf6 14. Qd2 Nc7 15. g4 f4 16. Bf2 h5 17. g5 Qxg5+ 18. Kh1 Rf7 19. Ng2 b5 20. Ne4 Qe7 21. Nh4 Nf6 22. Rg1 Nxe4 23. fxe4 Bg4 24. Bxg4 hxg4 25. Rxg4 bxc4 26. Rbg1 Ne8 27. Rg5 Rb8 28. Nf5 Rxf5 29. Rxf5 Qb7 30. Qd1 a5 31. Qg4 a4 32. Bh4 a3 33. Rf6 Qc8 34. Re6 Qc7 35. Rh6 Qf7 36. Be7 1-0

[Event "GER-ch46 V04 email"]
[Site "GER email"]
[Date "2014.04.03"]
[Round "?"]
[White "Hirmer, Matthias"]
[Black "Draeger, Wolfgang"]
[Result "1-0"]
[WhiteElo "2068"]
[BlackElo "2102"]
[PlyCount "33"]
[EventDate "2014.04.16"]
[EventType "tourn (corr)"]
[EventRounds "8"]
[EventCountry "GER"]
[SourceTitle "Corr 2015"]
[Source "ChessBase"]
[SourceDate "2015.07.17"]
[SourceVersion "1"]
[SourceVersionDate "2015.07.17"]
[SourceQuality "1"]

1. e4 e5 2. Nf3 Nc6 3. Bb5 a6 4. Ba4 Nf6 5. 0-0 Be7 6. Re1 b5 7. Bb3 0-0 8. a4 b4 9. d3 d6 10. a5 Be6 11. Nbd2 Rb8 12. Nc4 Qc8 13. h3 h6 14. Be3 Rd8 15. Qe2 Bf8 16. Nfd2 Qb7 17. Qf3 1-0

[Event "GER-ch46 V04 email"]
[Site "GER email"]
[Date "2014.04.03"]
[Round "?"]
[White "Kloster, Josef"]
[Black "Hirmer, Matthias"]
[Result "1-0"]
[WhiteElo "2173"]
[BlackElo "2068"]
[PlyCount "109"]
[EventDate "2014.04.16"]
[EventType "tourn (corr)"]
[EventRounds "8"]
[EventCountry "GER"]
[SourceTitle "Corr 2020"]
[Source "ChessBase"]
[SourceDate "2019.09.30"]
[SourceVersion "1"]
[SourceVersionDate "2019.09.30"]
[SourceQuality "1"]

1. d4 Nf6 2. c4 g6 3. Nc3 Bg7 4. e4 d6 5. Nf3 0-0 6. Be2 e5 7. 0-0 Nc6 8. d5 Ne7 9. Ne1 Nd7 10. Be3 f5 11. f3 b6 12. Nd3 Nc5 13. b4 Nxd3 14. Qxd3 a5 15. a3 Qd7 16. Qd2 axb4 17. axb4 Ba6 18. Ra2 Bb7 19. c5 Rxa2 20. Qxa2 Ra8 21. Qb2 Qd8 22. Ra1 bxc5 23. bxc5 dxc5 24. Ra4 Qb8 25. Bxc5 Rxa4 26. Nxa4 Nc8 27. Bf2 Nd6 28. Nc5 Qc8 29. h3 Bh8 30. Bg3 f4 31. Bh4 Qa8 32. Ne6 Bc8 33. Qc3 Qa7+ 34. Kh2 Qb6 35. Bd8 Ne8 36. Bc4 Qd6 37. Bxc7 Nxc7 38. Nxc7 Bd7 39. Bb5 Kf7 40. Bxd7 Qxd7 41. Qc6 Qxc6 42. dxc6 Kf6 43. Nb5 Ke7 44. g4 Kd8 45. g5 Kc8 46. h4 Kd8 47. h5 gxh5 48. Kh3 Bg7 49. c7+ Kd7 50. Nd6 Kxc7 51. Ne8+ Kd7 52. Nxg7 Ke7 53. Nf5+ Kf7 54. Kh4 Kg6 55. Nh6 1-0

[Event "GER-ch45 V03 email"]
[Site "GER email"]
[Date "2013.03.27"]
[Round "?"]
[White "Hirmer, Matthias"]
[Black "Milde, Lars"]
[Result "1/2-1/2"]
[WhiteElo "2136"]
[BlackElo "2029"]
[PlyCount "108"]
[EventDate "2013.04.08"]
[EventType "tourn (corr)"]
[EventRounds "12"]
[EventCountry "GER"]
[SourceTitle "Corr 2015"]
[Source "ChessBase"]
[SourceDate "2015.07.17"]
[SourceVersion "1"]
[SourceVersionDate "2015.07.17"]
[SourceQuality "1"]

1. e4 c5 2. Nf3 d6 3. d4 cxd4 4. Nxd4 Nf6 5. Nc3 a6 6. Be3 e5 7. Nb3 Be6 8. f3 Be7 9. Qd2 0-0 10. 0-0-0 Nbd7 11. g4 b5 12. g5 b4 13. Ne2 Ne8 14. f4 a5 15. f5 Bxb3 16. cxb3 a4 17. bxa4 Rxa4 18. b3 Ra5 19. f6 gxf6 20. Ng3 Ng7 21. gxf6 Nxf6 22. Bc4 Ng4 23. Kb1 Kh8 24. Rhf1 f5 25. exf5 d5 26. Bh6 Nf6 27. Rfe1 Qc7 28. Bf1 Rfa8 29. Rc1 Bc5 30. Rc2 Nge8 31. Re2 Qe7 32. Bg5 Qd6 33. Rg2 Bd4 34. Qc1 e4 35. Rgd2 Be5 36. Rc8 Bf4 37. Rxa8 Rxa8 38. Bxf4 Qxf4 39. Qb2 Qe3 40. Rc2 Qb6 41. Qe5 Ng7 42. Ne2 Qf2 43. Bh3 Qh4 44. Nf4 Re8 45. Ne6 h6 46. Bf1 Nxe6 47. fxe6 Qg5 48. Qd6 e3 49. Bd3 Qg4 50. e7 Qd4 51. Bb5 Rg8 52. e8Q Rxe8 53. Bxe8 Qd1+ 54. Rc1 Qd3+ 1/2-1/2

[Event "GER-ch45 V03 email"]
[Site "GER email"]
[Date "2013.03.27"]
[Round "?"]
[White "Hirmer, Matthias"]
[Black "Neubauer, Ralf"]
[Result "0-1"]
[WhiteElo "2136"]
[BlackElo "2076"]
[PlyCount "106"]
[EventDate "2013.04.08"]
[EventType "tourn (corr)"]
[EventRounds "12"]
[EventCountry "GER"]
[SourceTitle "Corr 2015"]
[Source "ChessBase"]
[SourceDate "2015.07.17"]
[SourceVersion "1"]
[SourceVersionDate "2015.07.17"]
[SourceQuality "1"]

1. e4 c5 2. Nf3 d6 3. d4 cxd4 4. Nxd4 Nf6 5. Nc3 a6 6. Be3 e5 7. Nb3 Be6 8. f3 Be7 9. Qd2 h5 10. 0-0-0 Nbd7 11. Kb1 b5 12. Nd5 Bxd5 13. exd5 Nb6 14. Bxb6 Qxb6 15. Bd3 0-0 16. Bf5 g6 17. Bh3 a5 18. a3 Rfb8 19. Nc1 Ra7 20. Rhe1 Bf8 21. g4 hxg4 22. fxg4 Be7 23. g5 Nh7 24. Rg1 Rc7 25. Rg3 Rc4 26. Rf1 Rh4 27. Bd7 Qd8 28. Bc6 Nxg5 29. Qg2 Kg7 30. Nd3 b4 31. a4 Bf6 32. Nf2 e4 33. Ng4 Bd4 34. Qd2 Bc5 35. Ne3 Rh5 36. Nf5+ Kh7 37. Nd4 Bxd4 38. Qxd4 Nf3 39. Qa7 Rf5 40. Ka1 Kg7 41. Rg4 b3 42. c3 Qh8 43. Rh1 Re8 44. Qe3 Ree5 45. Rg2 Qh6 46. Qxh6+ Kxh6 47. Re2 e3 48. Kb1 Rg5 49. Kc1 Rg1+ 50. Rxg1 Nxg1 51. Rg2 e2 52. Rxg1 e1Q+ 53. Rxe1 Rxe1+ 0-1

[Event "GER-ch45 V03 email"]
[Site "GER email"]
[Date "2013.03.27"]
[Round "?"]
[White "Hoebel, Hartmut"]
[Black "Hirmer, Matthias"]
[Result "1-0"]
[WhiteElo "2136"]
[BlackElo "2136"]
[PlyCount "151"]
[EventDate "2013.04.08"]
[EventType "tourn (corr)"]
[EventRounds "12"]
[EventCountry "GER"]
[SourceTitle "Corr 2015"]
[Source "ChessBase"]
[SourceDate "2015.07.17"]
[SourceVersion "1"]
[SourceVersionDate "2015.07.17"]
[SourceQuality "1"]

1. Nf3 Nf6 2. d4 e6 3. c4 d5 4. Nc3 Be7 5. Bg5 h6 6. Bh4 0-0 7. e3 b6 8. Rc1 Bb7 9. Be2 Nbd7 10. cxd5 exd5 11. 0-0 c5 12. dxc5 bxc5 13. Bg3 Rc8 14. Qb3 Nb6 15. Rfd1 Re8 16. a4 c4 17. Qc2 Bb4 18. Nd4 a5 19. Ra1 Nbd7 20. Nf5 Re6 21. Rab1 Qf8 22. Nd4 Rb6 23. Bf3 Rc5 24. Ncb5 g6 25. h4 Kg7 26. h5 Qe7 27. Bc7 Ra6 28. hxg6 fxg6 29. Ne2 Nf8 30. Bf4 Ne6 31. Be5 Ng5 32. Bd4 Nxf3+ 33. gxf3 Rc8 34. Kg2 Rg8 35. Rh1 Qf7 36. Rbg1 Bc8 37. Rh2 Kh7 38. Rgh1 Bf8 39. Ng3 Bg7 40. Rh4 Rf8 41. f4 Bd7 42. Nc3 Kg8 43. Qd2 Kh7 44. f3 Rd8 45. Kf1 Qf8 46. Nxd5 Bxa4 47. Nxf6+ Qxf6 48. Ne4 Qf5 49. Qc3 Rxd4 50. exd4 h5 51. Kg2 Qd5 52. Qa3 Bc6 53. Qe7 Kg8 54. Rg1 Qf7 55. Qxf7+ Kxf7 56. Nd6+ Kf8 57. Nxc4 Bxd4 58. Rd1 Bf6 59. Rhh1 Kg7 60. Rd2 Bb5 61. Ne5 Rb6 62. Rc1 Rb7 63. Rc8 Be7 64. Kh2 Bf6 65. Rdc2 Re7 66. R2c7 a4 67. Kg3 Rxc7 68. Rxc7+ Kg8 69. Ra7 g5 70. Ra5 gxf4+ 71. Kxf4 Be8 72. Ra8 Bxe5+ 73. Kxe5 Kf7 74. f4 Bb5 75. f5 h4 76. Rh8 1-0

[Event "GER-ch45 V03 email"]
[Site "GER email"]
[Date "2013.03.27"]
[Round "?"]
[White "Milde, Lars"]
[Black "Hirmer, Matthias"]
[Result "1-0"]
[WhiteElo "2029"]
[BlackElo "2136"]
[PlyCount "71"]
[EventDate "2013.04.08"]
[EventType "tourn (corr)"]
[EventRounds "12"]
[EventCountry "GER"]
[SourceTitle "Corr 2015"]
[Source "ChessBase"]
[SourceDate "2015.07.17"]
[SourceVersion "1"]
[SourceVersionDate "2015.07.17"]
[SourceQuality "1"]

1. e4 c5 2. Nf3 d6 3. d4 cxd4 4. Nxd4 Nf6 5. Nc3 a6 6. Bg5 e6 7. f4 Qb6 8. Qd2 Qxb2 9. Rb1 Qa3 10. e5 dxe5 11. fxe5 Nfd7 12. Ne4 h6 13. Bh4 Qxa2 14. Rd1 Qd5 15. Qe3 Qxe5 16. Be2 Bc5 17. Bg3 Bxd4 18. Rxd4 Qa5+ 19. Rd2 0-0 20. Bd6 Nc6 21. Bxf8 Nxf8 22. 0-0 Rb8 23. Qc5 Qc7 24. Bh5 f5 25. Nd6 Bd7 26. g4 g6 27. gxf5 exf5 28. Re1 Qa5 29. Qc4+ Kh8 30. c3 b5 31. Qf4 Kg7 32. Qg3 b4 33. Bxg6 f4 34. Qxf4 Qb5 35. Qf7+ Kh8 36. Nxb5 1-0

[Event "GER-ch44 V04 email"]
[Site "GER email"]
[Date "2012.04.25"]
[Round "?"]
[White "Hinz, Horst"]
[Black "Hirmer, Matthias"]
[Result "1/2-1/2"]
[WhiteElo "2100"]
[BlackElo "2158"]
[PlyCount "87"]
[EventDate "2012.04.30"]
[EventType "tourn (corr)"]
[EventRounds "10"]
[EventCountry "GER"]
[SourceTitle "Corr 2015"]
[Source "ChessBase"]
[SourceDate "2015.07.17"]
[SourceVersion "1"]
[SourceVersionDate "2015.07.17"]
[SourceQuality "1"]

1. d4 Nf6 2. c4 e6 3. Nc3 d5 4. Nf3 c6 5. e3 Nbd7 6. Bd3 dxc4 7. Bxc4 b5 8. Bd3 a6 9. e4 c5 10. d5 c4 11. dxe6 fxe6 12. Bc2 Qc7 13. 0-0 Bb7 14. Qe2 Bd6 15. Nd4 Nc5 16. f4 e5 17. Nf5 0-0 18. Nxd6 Qxd6 19. fxe5 Qxe5 20. Rf5 Qe7 21. Bg5 Rae8 22. e5 Qc7 23. Rd1 Ncd7 24. Bf4 g6 25. Rg5 Kh8 26. h3 Nc5 27. e6 Qxf4 28. Rxc5 Qg3 29. Rd2 Kg7 30. Qe5 Qxe5 31. Rxe5 Rd8 32. Rde2 Rfe8 33. Kh2 Rd6 34. e7 Rd7 35. b3 Rc7 36. bxc4 Rxc4 37. R5e3 Rec8 38. Nxb5 axb5 39. e8N+ Nxe8 40. Rxe8 Rxe8 41. Rxe8 Bxg2 42. Bb3 Bc6 43. Re7+ Kf6 44. Rxh7 1/2-1/2

[Event "GER-ch44 V04 email"]
[Site "GER email"]
[Date "2012.04.25"]
[Round "?"]
[White "Hirmer, Matthias"]
[Black "Hanel, Roland"]
[Result "0-1"]
[WhiteElo "2158"]
[BlackElo "2143"]
[PlyCount "130"]
[EventDate "2012.04.30"]
[EventType "tourn (corr)"]
[EventRounds "10"]
[EventCountry "GER"]
[SourceTitle "Corr 2015"]
[Source "ChessBase"]
[SourceDate "2015.07.17"]
[SourceVersion "1"]
[SourceVersionDate "2015.07.17"]
[SourceQuality "1"]

1. e4 c5 2. Nf3 d6 3. d4 cxd4 4. Nxd4 Nf6 5. Nc3 a6 6. Be2 e6 7. 0-0 Be7 8. a4 Nc6 9. Be3 0-0 10. f4 Qc7 11. Kh1 Re8 12. Bf3 Na5 13. Bg1 Bf8 14. Nde2 Bd7 15. Qe1 Rac8 16. Rd1 Be7 17. h3 Nc4 18. b3 Na3 19. Qd2 Bc6 20. Ra1 d5 21. e5 Ne4 22. Bxe4 dxe4 23. Qc1 b5 24. Rxa3 b4 25. Ra1 bxc3 26. Bd4 Red8 27. Qe3 Rd7 28. Rfd1 Ba8 29. Bxc3 Rcd8 30. Rxd7 Rxd7 31. Nd4 Bc5 32. Rd1 h6 33. Kh2 Qd8 34. Kg1 f6 35. Kh2 a5 36. Bb2 fxe5 37. fxe5 Qh4 38. Rd2 Rd5 39. g3 Qe7 40. Qxe4 Qa7 41. Qf4 Qa6 42. Bc3 Rd7 43. Qf2 Qb7 44. Qf3 Rxd4 45. Qxb7 Rxd2+ 46. Bxd2 Bxb7 47. Bxa5 Be4 48. b4 Bd4 49. Bc7 Bc3 50. b5 Bxc2 51. b6 Be4 52. g4 Kf7 53. Kg3 Bc6 54. Kh2 Ke7 55. Bb8 Kd7 56. Kg3 Bxa4 57. Bc7 Kc6 58. Bd6 Kxb6 59. Kf4 Kc6 60. Bf8 g6 61. Ke3 Bb2 62. Kf3 Bd1+ 63. Ke4 h5 64. gxh5 gxh5 65. Bd6 Bc2+ 0-1

[Event "GER-ch43 V05 email"]
[Site "GER email"]
[Date "2011.04.10"]
[Round "?"]
[White "Bekemann, Uwe"]
[Black "Hirmer, Matthias"]
[Result "1/2-1/2"]
[WhiteElo "2036"]
[BlackElo "2164"]
[PlyCount "109"]
[EventDate "2011.04.18"]
[EventType "tourn (corr)"]
[EventRounds "10"]
[EventCountry "GER"]
[SourceTitle "Corr 2015"]
[Source "ChessBase"]
[SourceDate "2015.07.17"]
[SourceVersion "1"]
[SourceVersionDate "2015.07.17"]
[SourceQuality "1"]
[WhiteTeam "Germany"]
[BlackTeam "Latvia"]
[WhiteTeamCountry "GER"]
[BlackTeamCountry "LAT"]

1. d4 Nf6 2. c4 e6 3. g3 d5 4. Nf3 Be7 5. Bg2 0-0 6. 0-0 dxc4 7. Qc2 a6 8. Qxc4 b5 9. Qc2 Bb7 10. Bd2 h6 11. a3 Be4 12. Qc1 c6 13. Rd1 Nbd7 14. Nc3 Bh7 15. Ne5 Nxe5 16. dxe5 Nd5 17. Be3 Qb8 18. Bd4 Rd8 19. f4 Qb7 20. Bf2 Rd7 21. Be4 Rc8 22. b4 c5 23. Nxd5 Bxe4 24. Nxe7+ Rxe7 25. Bxc5 Bh1 26. e4 Bxe4 27. Rd6 a5 28. Qe3 Rec7 29. Rd2 Bh1 30. Qf2 Ra8 31. bxa5 Rxa5 32. Bb4 Ra8 33. h3 Rac8 34. Kh2 Be4 35. Qe3 Rc2 36. Rad1 Rd8 37. Qe2 Rdxd2 38. Rxd2 Rc4 39. Rd8+ Kh7 40. Rd2 Qc7 41. Qe3 Bc6 42. Re2 Qd8 43. Qd2 Bd5 44. g4 h5 45. Kg3 h4+ 46. Kh2 Kg8 47. f5 Qc7 48. Ba5 Qc5 49. Qg5 Qxa3 50. Be1 Qf8 51. Bxh4 b4 52. Bf2 b3 53. Rb2 Rb4 54. f6 g6 55. Be3 1/2-1/2

[Event "GER-ch43 V05 email"]
[Site "GER email"]
[Date "2011.04.10"]
[Round "?"]
[White "Hirmer, Matthias"]
[Black "Hildebrand, Gerald"]
[Result "1/2-1/2"]
[WhiteElo "2164"]
[BlackElo "2198"]
[PlyCount "119"]
[EventDate "2011.04.18"]
[EventType "tourn (corr)"]
[EventRounds "10"]
[EventCountry "GER"]
[SourceTitle "Corr 2015"]
[Source "ChessBase"]
[SourceDate "2015.07.17"]
[SourceVersion "1"]
[SourceVersionDate "2015.07.17"]
[SourceQuality "1"]
[WhiteTeam "Germany"]
[BlackTeam "Latvia"]
[WhiteTeamCountry "GER"]
[BlackTeamCountry "LAT"]

1. e4 c5 2. Nf3 Nc6 3. d4 cxd4 4. Nxd4 Nf6 5. Nc3 d6 6. Bc4 e6 7. Be3 Be7 8. 0-0 0-0 9. Bb3 Bd7 10. f4 Nxd4 11. Bxd4 Bc6 12. Qe2 b5 13. Nxb5 Bxb5 14. Qxb5 Nxe4 15. f5 e5 16. Rfe1 exd4 17. Rxe4 Bf6 18. Rae1 Qc7 19. Re8 Raxe8 20. Rxe8 d3 21. c3 Qc5+ 22. Qxc5 dxc5 23. Re4 h5 24. Kf2 Rd8 25. Ke1 h4 26. g3 d2+ 27. Kd1 hxg3 28. hxg3 a5 29. Ra4 Bg5 30. Bc4 Rb8 31. Rxa5 Rxb2 32. Rb5 Rxb5 33. Bxb5 Kf8 34. a4 Ke7 35. Be2 Kd6 36. Bf3 Kc7 37. Bd5 f6 38. a5 Kb8 39. Ke2 Ka7 40. Bc4 Kb7 41. Bb5 Ka7 42. Bd3 Kb7 43. Kd1 Ka7 44. Be2 Kb7 45. Kc2 Ka7 46. Bb5 Kb7 47. Kd1 Ka7 48. Bd3 Kb7 49. Be2 Ka7 50. Bb5 Kb7 51. g4 Ka7 52. Bf1 Kb7 53. Bc4 Ka7 54. Bd3 Kb7 55. Be2 Ka7 56. Bb5 Kb7 57. Bd3 Ka7 58. Be2 Kb7 59. a6+ Ka7 60. Bc4 1/2-1/2

[Event "GER-ch42 V09 email"]
[Site "GER email"]
[Date "2010.04.08"]
[Round "?"]
[White "Felkel, Siegfried"]
[Black "Hirmer, Matthias"]
[Result "1/2-1/2"]
[WhiteElo "2156"]
[BlackElo "2170"]
[PlyCount "69"]
[EventDate "2010.04.19"]
[EventType "tourn (corr)"]
[EventRounds "12"]
[EventCountry "GER"]
[SourceTitle "Corr 2015"]
[Source "ChessBase"]
[SourceDate "2015.07.17"]
[SourceVersion "1"]
[SourceVersionDate "2015.07.17"]
[SourceQuality "1"]
[WhiteTeam "Germany"]
[BlackTeam "Germany"]
[WhiteTeamCountry "GER"]
[BlackTeamCountry "GER"]

1. d4 Nf6 2. c4 c5 3. d5 e6 4. Nc3 exd5 5. cxd5 d6 6. e4 g6 7. Nf3 Bg7 8. h3 0-0 9. Bd3 b5 10. Bxb5 Nxe4 11. Nxe4 Qa5+ 12. Nfd2 Qxb5 13. Nxd6 Qa6 14. N2c4 Nd7 15. 0-0 Ne5 16. Nxc8 Raxc8 17. Nxe5 Bxe5 18. Re1 Qf6 19. Qg4 h5 20. Qc4 Rfd8 21. Be3 Bxb2 22. Rad1 Qf5 23. f3 Rd6 24. Bf2 a5 25. Rd2 Be5 26. Be3 Rb6 27. a3 Bg3 28. Bf2 Bd6 29. Rde2 Kh7 30. Rc2 a4 31. Qxa4 Qxd5 32. Qc4 Qxc4 33. Rxc4 Rb2 34. Rd1 Bf8 35. Rdc1 1/2-1/2

[Event "GER-ch42 V09 email"]
[Site "GER email"]
[Date "2010.04.08"]
[Round "?"]
[White "Hirmer, Matthias"]
[Black "Behling, Helmut"]
[Result "1/2-1/2"]
[WhiteElo "2170"]
[BlackElo "1934"]
[PlyCount "101"]
[EventDate "2010.04.19"]
[EventType "tourn (corr)"]
[EventRounds "12"]
[EventCountry "GER"]
[SourceTitle "Corr 2015"]
[Source "ChessBase"]
[SourceDate "2015.07.17"]
[SourceVersion "1"]
[SourceVersionDate "2015.07.17"]
[SourceQuality "1"]
[WhiteTeam "Germany"]
[BlackTeam "Germany"]
[WhiteTeamCountry "GER"]
[BlackTeamCountry "GER"]

1. e4 c5 2. Nf3 e6 3. d4 cxd4 4. Nxd4 a6 5. Bd3 Nf6 6. 0-0 Qc7 7. Qe2 d6 8. c4 Nbd7 9. f4 Be7 10. Nc3 0-0 11. Be3 b6 12. g4 Nc5 13. g5 Ng4 14. Qxg4 Nxd3 15. Qe2 Nc5 16. f5 Re8 17. b4 Nb7 18. Rac1 Nd8 19. Qh5 g6 20. Qh4 Bd7 21. a3 Rc8 22. Nf3 Nc6 23. f6 Bf8 24. Kh1 Na7 25. Nd2 Nc6 26. Rf3 Ne5 27. Rh3 h6 28. gxh6 Kh7 29. Rg3 Qb7 30. Qg5 Rxc4 31. Nxc4 Nxc4 32. h4 Bc6 33. Rd1 Bxe4+ 34. Nxe4 Qxe4+ 35. Kg1 Nxe3 36. Rxe3 Qc2 37. Red3 Bxh6 38. Qg2 Qc4 39. Kh1 d5 40. h5 gxh5 41. Rd4 Qc3 42. R4d3 Qxf6 43. Rf1 Qe7 44. Rh3 f5 45. Rg1 Qf7 46. Qe2 Rg8 47. Rxg8 Qxg8 48. Qxh5 Qg7 49. Re3 Qa1+ 50. Kg2 Qf6 51. Rg3 1/2-1/2

[Event "GER-ch42 V09 email"]
[Site "GER email"]
[Date "2010.04.08"]
[Round "?"]
[White "Hirmer, Matthias"]
[Black "Littke, Helmut"]
[Result "1/2-1/2"]
[WhiteElo "2170"]
[BlackElo "2060"]
[PlyCount "105"]
[EventDate "2010.04.19"]
[EventType "tourn (corr)"]
[EventRounds "12"]
[EventCountry "GER"]
[SourceTitle "Corr 2015"]
[Source "ChessBase"]
[SourceDate "2015.07.17"]
[SourceVersion "1"]
[SourceVersionDate "2015.07.17"]
[SourceQuality "1"]
[WhiteTeam "Germany"]
[BlackTeam "Germany"]
[WhiteTeamCountry "GER"]
[BlackTeamCountry "GER"]

1. e4 c5 2. Nf3 d6 3. d4 cxd4 4. Nxd4 Nf6 5. Nc3 a6 6. Bc4 e6 7. 0-0 Be7 8. Be3 0-0 9. Bb3 Nbd7 10. Bxe6 fxe6 11. Nxe6 Qa5 12. Nxf8 Nxf8 13. Qd2 Kh8 14. Rae1 Be6 15. f4 Bg8 16. Rd1 Rc8 17. Rfe1 Qb4 18. Qc1 Qc4 19. Rd3 Qc6 20. Bd4 Bc4 21. Rdd1 Re8 22. Bxf6 Bxf6 23. Nd5 Bxd5 24. exd5 Rxe1+ 25. Rxe1 Qxd5 26. c4 Qc5+ 27. Kh1 h6 28. b3 Qf2 29. a4 Kg8 30. Qe3 Qxe3 31. Rxe3 Kf7 32. g3 Ne6 33. Kg2 a5 34. Re1 Nc5 35. Rb1 Ke6 36. Kf3 b6 37. g4 Kd7 38. Ke3 Kc6 39. Kf3 Bd8 40. Kf2 Be7 41. Ke3 Ne6 42. Ke4 Bf6 43. h3 g6 44. Kf3 Nd4+ 45. Ke4 Kc5 46. Ke3 h5 47. g5 Bg7 48. Ke4 Bh8 49. Rd1 Bg7 50. Rb1 Bh8 51. Rd1 Bg7 52. Rd3 Bh8 53. Rd1 1/2-1/2

[Event "GER-ch40 final email"]
[Site "GER email"]
[Date "2010.02.02"]
[Round "?"]
[White "Hirmer, Matthias"]
[Black "Hofstetter, Hans Joachim"]
[Result "1-0"]
[WhiteElo "2138"]
[BlackElo "2199"]
[PlyCount "61"]
[EventDate "2010.02.08"]
[EventType "tourn (corr)"]
[EventRounds "12"]
[EventCountry "GER"]
[SourceTitle "Corr 2015"]
[Source "ChessBase"]
[SourceDate "2015.07.17"]
[SourceVersion "1"]
[SourceVersionDate "2015.07.17"]
[SourceQuality "1"]
[WhiteTeam "Germany"]
[BlackTeam "Germany"]
[WhiteTeamCountry "GER"]
[BlackTeamCountry "GER"]

1. e4 Nf6 2. e5 Nd5 3. d4 d6 4. Nf3 g6 5. Bc4 Nb6 6. Bb3 Bg7 7. Ng5 d5 8. f4 Nc6 9. c3 f6 10. Nf3 Bf5 11. 0-0 Qd7 12. Nbd2 Bd3 13. exf6 exf6 14. Re1+ Kf7 15. Nf1 Ba6 16. Bc2 Rae8 17. f5 Rxe1 18. Qxe1 g5 19. Bxg5 fxg5 20. Nxg5+ Kg8 21. Ne6 h5 22. Qg3 h4 23. Qf4 Nd8 24. Re1 Nxe6 25. Rxe6 Qf7 26. Ne3 Rh5 27. Ng4 Nd7 28. Ne5 Nxe5 29. dxe5 Rxf5 30. Bxf5 Bd3 31. Rf6 1-0

[Event "GER-ch40 final email"]
[Site "GER email"]
[Date "2010.02.02"]
[Round "?"]
[White "Hirmer, Matthias"]
[Black "Mehlhorn, Uwe"]
[Result "1-0"]
[WhiteElo "2138"]
[BlackElo "2244"]
[PlyCount "67"]
[EventDate "2010.02.08"]
[EventType "tourn (corr)"]
[EventRounds "12"]
[EventCountry "GER"]
[SourceTitle "Corr 2015"]
[Source "ChessBase"]
[SourceDate "2015.07.17"]
[SourceVersion "1"]
[SourceVersionDate "2015.07.17"]
[SourceQuality "1"]
[WhiteTeam "Germany"]
[BlackTeam "Germany"]
[WhiteTeamCountry "GER"]
[BlackTeamCountry "GER"]

1. e4 d6 2. d4 g6 3. Nc3 Bg7 4. Be3 a6 5. h4 Nf6 6. f3 b5 7. Qd2 h5 8. 0-0-0 Nbd7 9. Nh3 Nb6 10. Bd3 Bxh3 11. Rxh3 Qd7 12. Rg3 e5 13. Be2 Qe7 14. d5 b4 15. Nb1 a5 16. Bb5+ Nfd7 17. Rh3 Rb8 18. c3 Nc8 19. a4 bxa3 20. Nxa3 Kf8 21. Kc2 Kg8 22. c4 Nc5 23. Qxa5 Bh6 24. Bf2 Nb6 25. Qe1 Kg7 26. b4 Ra8 27. Ra1 Ncd7 28. Rh1 Nf6 29. Kb3 Rab8 30. Bc6 Nc8 31. Nb5 Rf8 32. Ra6 Nd7 33. Qa1 Kg8 34. Qa5 1-0

[Event "GER-ch40 final email"]
[Site "GER email"]
[Date "2010.02.02"]
[Round "?"]
[White "Repp, Heinrich"]
[Black "Hirmer, Matthias"]
[Result "1/2-1/2"]
[WhiteElo "2325"]
[BlackElo "2138"]
[PlyCount "109"]
[EventDate "2010.02.08"]
[EventType "tourn (corr)"]
[EventRounds "12"]
[EventCountry "GER"]
[SourceTitle "Corr 2015"]
[Source "ChessBase"]
[SourceDate "2015.07.17"]
[SourceVersion "1"]
[SourceVersionDate "2015.07.17"]
[SourceQuality "1"]
[WhiteTeam "Germany"]
[BlackTeam "Germany"]
[WhiteTeamCountry "GER"]
[BlackTeamCountry "GER"]

1. e4 e5 2. Nf3 Nc6 3. Bb5 a6 4. Ba4 Nf6 5. 0-0 Be7 6. Re1 b5 7. Bb3 d6 8. c3 0-0 9. h3 Bb7 10. d4 Re8 11. Nbd2 Bf8 12. a4 h6 13. Bc2 exd4 14. cxd4 Nb4 15. Bb1 c5 16. d5 g6 17. Nf1 Bg7 18. axb5 axb5 19. Rxa8 Qxa8 20. Bf4 Qd8 21. Qc1 h5 22. Ng3 Qe7 23. Ne2 Qd8 24. Bg5 Qa8 25. Nc3 Qa6 26. Bh6 Bh8 27. Nh4 Nd7 28. Nf5 Ne5 29. Re3 c4 30. Nxb5 Qxb5 31. Nxd6 Qd7 32. Nxe8 Qxe8 33. b3 Ba6 34. Qd1 Qa8 35. bxc4 Bxc4 36. Qc1 Qb7 37. Kh1 Qb6 38. Bf4 Qb5 39. Ra3 Nbd3 40. Bxd3 Nxd3 41. Qe3 Bf6 42. Ra8+ Kh7 43. Ra7 Qb2 44. Rxf7+ Kg8 45. Rc7 Bd4 46. Qg3 Nxf4 47. Qg5 Bg7 48. Rxg7+ Kxg7 49. Qxf4 Qd4 50. Qc7+ Kh6 51. f3 h4 52. Qe7 Qf2 53. Qf8+ Kg5 54. Qd8+ Kh5 55. Qh8+ 1/2-1/2

[Event "GER-ch40 final email"]
[Site "GER email"]
[Date "2010.02.02"]
[Round "?"]
[White "Schueppel, Ralf"]
[Black "Hirmer, Matthias"]
[Result "1-0"]
[WhiteElo "2315"]
[BlackElo "2138"]
[PlyCount "103"]
[EventDate "2010.02.08"]
[EventType "tourn (corr)"]
[EventRounds "12"]
[EventCountry "GER"]
[SourceTitle "Corr 2015"]
[Source "ChessBase"]
[SourceDate "2015.07.17"]
[SourceVersion "1"]
[SourceVersionDate "2015.07.17"]
[SourceQuality "1"]
[WhiteTeam "Germany"]
[BlackTeam "Germany"]
[WhiteTeamCountry "GER"]
[BlackTeamCountry "GER"]

1. d4 Nf6 2. c4 c5 3. d5 e6 4. Nc3 exd5 5. cxd5 Bd6 6. Nf3 Bc7 7. g4 d6 8. g5 Nfd7 9. h4 a6 10. Bf4 b5 11. a4 Bb7 12. axb5 axb5 13. Rxa8 Bxa8 14. Nxb5 0-0 15. Bh3 Nb6 16. e4 Re8 17. Nc3 N8d7 18. Kf1 Nc4 19. Qa4 Ncb6 20. Qa6 Qe7 21. Kg2 Rb8 22. Ra1 Nf8 23. Qd3 Bb7 24. Nb5 Bc8 25. Ra7 Bxh3+ 26. Kxh3 Qd7+ 27. Kg2 Rc8 28. Bxd6 Qg4+ 29. Kf1 Bb8 30. Bxb8 Rxb8 31. Ne5 c4 32. Nxg4 cxd3 33. Nd6 Nbd7 34. Nc4 Nc5 35. f3 Rb4 36. Nge3 h6 37. Rc7 Nb3 38. Rc8 d2 39. Ne5 hxg5 40. h5 Rb7 41. Ke2 Re7 42. Nc6 Rd7 43. Nf5 f6 44. d6 Kf7 45. Rc7 Nc5 46. Nb8 Kg8 47. Rxc5 Rd8 48. Rb5 g6 49. Nc6 Rd7 50. Nce7+ Kf7 51. Nxg6 Nxg6 52. hxg6+ 1-0